000 01273nam a2200337 a 4500
001 000045362
003 DO-SdBNP
005 20171107125108.0
007 000045362
008 150305s2014 dr ac 000 0 spa d
020 _a9789945081589
040 _aBPMSU
_bspa
_cBPMSU
092 _axxxx
_bxxxx
100 1 _aMéndez Peralta, Francisco Alexis
245 1 0 _aSalsa desde mi balcón :
_brelatos y alegatos de un melómano /
_cFrancisco Alexis Méndez Peralta ; edición Héctor Luis Martínez ; presentación Bolívar Troncoso Morales.
260 _aSanto Domingo :
_bIPGH,
_c2014.
300 _a312 p. :
_bil., retrs. ;
_c23 cm.
500 _aIncluye índice onomástico
500 _aIncluye datos biográficos del autor en las solapas.
500 _aIncluye referencias bibliográficas y notas al pie de las páginas.
504 _aBibliografía : p. 297-301
700 1 2 _aMartínez, Héctor Luis
_eed.
700 1 2 _aTroncoso Morales, Bolívar
_epresent.
710 1 2 _aInstituto Panamericano de Geografía e Historia, Sección Nacional Dominicana (IPGH)
930 1 _l
_m
_8
_f
_p
_g
942 _2ddc
_cBK
945 _aInventariado / 2017 VM
956 _a
_b
_c
_l
_h
956 _a
_b
_c
_l
_h
956 _aVMATEO
_b10
_c20150826
_lBPMSU
_h00151
999 _c8227
_d8227